Normal view
MARC view
- Waraich, Malwinder Jit Singh.
Entry Personal Name
001 - CONTROL NUMBER
- control field: 14352
003 - CONTROL NUMBER IDENTIFIER
- control field: NUST
005 - DATE AND TIME OF LATEST TRANSACTION
- control field: 20190516072808.0
008 - FIXED-LENGTH DATA ELEMENTS
- fixed length control field: 190516|| aca||aabn | a|a d
040 ## - CATALOGING SOURCE
- Original cataloging agency: NUST
- Transcribing agency: NUST
100 ## - HEADING--PERSONAL NAME
- Personal name: Waraich, Malwinder Jit Singh.
670 ## - SOURCE DATA FOUND
- Source citation: Work cat.: (NUST)0: The Babbar Akali case judgement :, 2007.
